Państwa o najniższym IQ - Statystyki

Ogólne statystyki
  • Ten quiz został rozwiązany 163 razy
  • Średni wynik to 3 z 10
Statystyki odpowiedzi
IQ Państwo % Poprawnych
54 Gwinea
66%
58 Ghana
38%
45 Sierra Leone
38%
58 Wybrzeże Kości Słoniowej
38%
53 Gambia
36%
45 Liberia
31%
43 Nepal
31%
52 Republika Zielonego Przylądka
14%
53 Nikaragua
13%
48 Gwatemala
10%
Nie znaleziono quizów pasujących do podanych kryteriów
Rozkład punktacji
Procent ludzi z każdym wynikiem
Percentyl według liczby udzielonych odpowiedzi
Twoja historia wyników
Nie rozwiązałeś tego quizu